000 00791nam a2200205Ii 4500
003 JO-AjNU
008 230605s9999||||xx |||||||||||||| ||und||
040 _aJO-AjNU
_bara
_erda
_cJO-AjNU
041 _aara
050 1 4 _aKRM2430.F8264 1995
100 3 _aرياض، فؤاد عبد المنعم,
_eauthor
_945960
245 0 0 _aأصول الجنسية في القانون الدولي والقانون المصري المقارن
250 _aط1
264 3 1 _aالقاهرة: دار النهضة العربية، 1995
300 _a439ص
336 _atext
_btxt
_2rdacontent
337 _aunmediated
_bn
_2rdamedia
338 _avolume
_bnc
_2rdacarrier
650 4 _aالجنسية -- القانون المصري - القانون الدولي - قوانين وتشريعات
_945961
999 _aA19960
_c23528
_d23528